ბათუმის შოთა რუსთაველის სახელმწიფო უნივერსიტეტის ბიბლიოთეკა

Избранные сочинения в четырех томах. Т.1 (ბიბ.ჩანაწერი № 46477)

000 -LEADER
fixed length control field 00870nam a2200229Ia 4500
001 - CONTROL NUMBER
control field 13315
003 - CONTROL NUMBER IDENTIFIER
control field GE_BSU
008 - FIXED-LENGTH DATA ELEMENTS--GENERAL INFORMATION
fixed length control field 181216s||||||||xx |||||||||||||| ||und||
040 ## - CATALOGING SOURCE
Transcribing agency GE_BSU
080 ## - UNIVERSAL DECIMAL CLASSIFICATION NUMBER
Universal Decimal Classification number 57
100 ## - MAIN ENTRY--PERSONAL NAME
Personal name Тимирязев,К.А.
245 ## - TITLE STATEMENT
Title Избранные сочинения в четырех томах. Т.1
245 ## - TITLE STATEMENT
Remainder of title Солнце,жизнь и хлорофилл:публичные лекции,речи и научные исследования
245 ## - TITLE STATEMENT
Statement of responsibility, etc. Ред.Л.М.Берцинская
260 ## - PUBLICATION, DISTRIBUTION, ETC.
Place of publication, distribution, etc. Москва
260 ## - PUBLICATION, DISTRIBUTION, ETC.
Name of publisher, distributor, etc. Огиз-сельхозгиз
260 ## - PUBLICATION, DISTRIBUTION, ETC.
Date of publication, distribution, etc. 1948
300 ## - PHYSICAL DESCRIPTION
Extent 695стр.илл.22см.
653 ## - INDEX TERM--UNCONTROLLED
Uncontrolled term Избранные сочинения
653 ## - INDEX TERM--UNCONTROLLED
Uncontrolled term Солнце,жизнь и хлорофилл:публичные лекции,речи и научные исследования
942 ## - ADDED ENTRY ELEMENTS (KOHA)
Koha item type წიგნი
ეგზემპლარები
Withdrawn status Lost status Damaged status Not for loan Date acquired Barcode Date last seen Price effective from Koha item type
        2018-12-17 20859 2018-12-17 2018-12-17 წიგნი